[Event "Niederbayernliga 0809"]
[Site "Germany"]
[Date "2009.03.01"]
[Round "7.7"]
[White "Hatzinger, Christoph"]
[Black "Kuecher, Wolfgang"]
[Result "0-1"]
[WhiteElo "941"]
[BlackElo "1869"]
[PlyCount "89"]
[EventDate "2008.10.05"]
[EventType "team-tourn"]
[EventRounds "9"]
[EventCountry "GER"]
[SourceTitle "EXT 2010"]
[Source "ChessBase"]
[SourceDate "2010.11.25"]
[SourceVersion "1"]
[SourceVersionDate "2010.11.25"]
[SourceQuality "1"]
[WhiteTeam "Grafenau"]
[BlackTeam "Simbach"]
[WhiteTeamCountry "GER"]
[BlackTeamCountry "GER"]

1. e4 c6 2. Nf3 d5 3. exd5 cxd5 4. d4 Nf6 5. Bd3 Bg4 6. 0-0 e6 7. Bg5 Bd6 8. Nc3 Nc6 9. Nb5 Bb8 10. Be2 a6 11. Nc3 Qd6 12. g3 Qb4 13. Be3 Ba7 14. a3 Qb6 15. Na4 Qc7 16. Nc5 h5 17. Bf4 Qe7 18. Nb3 Ne4 19. h4 f6 20. Qc1 Bxf3 21. Bxf3 Bxd4 22. Be3 Be5 23. Nd2 Nd6 24. Nb3 Nc4 25. Rb1 0-0-0 26. Bc5 Qf7 27. Be2 Rdg8 28. c3 g5 29. hxg5 Rxg5 30. Be3 Nxe3 31. Qxe3 Rhg8 32. Kh2 h4 33. Nc5 hxg3+ 34. Kg2 gxf2+ 35. Kxf2 Bg3+ 36. Qxg3 Rxg3 37. Ke1 Qg6 38. Rd1 Rg1 39. Nxe6 Rxf1+ 40. Bxf1 Qe4+ 41. Kd2 Qxe6 42. Re1 Qf5 43. Bd3 Rg2+ 44. Kc1 Qxd3 45. Re8+ 0-1